Nauru en images - Statistiques

Statistiques générales
  • Ce quiz a été pris 157 fois
  • Le résultat moyen est 10 sur 18
Statistiques - réponses
Par images Hint Réponse % Correct
Monarque Elisabeth II
86%
Maladie Obésité
85%
Activité Pêche
83%
Sport Haltérophilie
82%
Ligne imaginaire Equateur
79%
Etendue d'eau Océan Pacifique
75%
Empire Empire japonais
72%
Maladie Diabète
66%
Monnaie Dollar australien
56%
Région Micronésie
55%
Ville Yaren
47%
Conflit Seconde Guerre mondiale
37%
Entreprise Nauru Airlines
36%
Organisation Commonwealth
34%
Sport Football australien
33%
Substance Phosphate
26%
Type de subdivision District
9%
Lac Lagune Buada
3%
Aucun quiz correspondant
Distribution des résultats
% des personnes avec chaque résultat
Percentile par nombre de réponses
Votre historique - résultats
Vous n’avez pas pris ce quiz